000 00348nam a2200121 a 4500
001 000002450
005 20200929150209.0
008 090702s2004 000 spa d
020 _a8489384533
245 0 _aNiños y niñas eternamente : los clásicos infantiles desde Cenicienta hasta Harry Potter.
260 _aMadrid,
_c2004.
999 _c2286
_d2286
040 _aDO-SdBNP